000 00556nam a2200169Ia 4500
003 GCL
008 140319s9999 xx 000 0 ara d
040 _aGCL /
_cGCL
082 0 4 _a259
_bع ف
100 1 _aعبدالرحمن ناصر السعدى
245 1 0 _aفتوى فى حكم شرب الدخان لسماحة الشيخ محمدابراهيم /
_cعبدالرحمن ناصر السعدى
260 _a[S.N] :
_bمكتبة المعارف ،
_c1985
300 _a34 ص
490 _a
650 0 4 _aالفتاوى الشرعية
942 _2ddc
_cBK
999 _c55368
_d55368